The knowledge book : (رقم التسجيلة. 177765)

تفاصيل مارك
000 -LEADER
fixed length control field 01257namaa2200361 i 4500
003 - CONTROL NUMBER IDENTIFIER
control field EG-GICUC
005 - DATE AND TIME OF LATEST TRANSACTION
control field 20260117132546.0
008 - FIXED-LENGTH DATA ELEMENTS--GENERAL INFORMATION
fixed length control field 260117s2007 |||||||gr|||| 001 0 eng d
020 ## - INTERNATIONAL STANDARD BOOK NUMBER
International Standard Book Number 9780773533462
Qualifying information bound
020 ## - INTERNATIONAL STANDARD BOOK NUMBER
International Standard Book Number 077353346X
Qualifying information bound
020 ## - INTERNATIONAL STANDARD BOOK NUMBER
International Standard Book Number 9780773533479
Qualifying information pbk.
020 ## - INTERNATIONAL STANDARD BOOK NUMBER
International Standard Book Number 0773533478
Qualifying information pbk.
040 ## - CATALOGING SOURCE
Original cataloging agency EG-GiCUC
Language of cataloging eng
Transcribing agency EG-GiCUC
Modifying agency EG-GiCUC
Description conventions rda
082 04 - DEWEY DECIMAL CLASSIFICATION NUMBER
Edition number 21
Classification number 121
Item number F968
092 04 - LOCALLY ASSIGNED DEWEY CALL NUMBER (OCLC)
Edition number 21
Classification number 121
Item number F968
099 ## - LOCAL FREE-TEXT CALL NUMBER (OCLC)
Classification number 121 F968
100 1# - MAIN ENTRY--PERSONAL NAME
Personal name Fuller, Steve,
Dates associated with a name 1959-
Relator term Author.
245 14 - TITLE STATEMENT
Title The knowledge book :
Remainder of title key concepts in philosophy, science, and culture /
Statement of responsibility, etc. Steve Fuller.
264 ## - PRODUCTION, PUBLICATION, DISTRIBUTION, MANUFACTURE, AND COPYRIGHT NOTICE
Place of production, publication, distribution, manufacture Montreal ;
-- Ithaca :
Name of producer, publisher, distributor, manufacturer McGill-Queen's University Press,
Date of production, publication, distribution, manufacture, or copyright notice 2007.
300 ## - PHYSICAL DESCRIPTION
Extent ix, 222 pages ;
Dimensions 22 cm.
336 ## - CONTENT TYPE
Source rdacontent
Content type term text
337 ## - MEDIA TYPE
Source rdamedia
Media type term Unmediated
338 ## - CARRIER TYPE
Source rdacarrier
Carrier type term volume
504 ## - BIBLIOGRAPHY, ETC. NOTE
Bibliography, etc. note Includes bibliographical references (p. 214-219) and index.
541 ## - IMMEDIATE SOURCE OF ACQUISITION NOTE
Source of acquisition Dr. Jabir Usfour ;
Address Cairo ;
Method of acquisition Gift ;
Date of acquisition 2024.
650 1# - SUBJECT ADDED ENTRY--TOPICAL TERM
Topical term or geographic name entry element Social epistemology.
Source of heading or term qrmak
650 1# - SUBJECT ADDED ENTRY--TOPICAL TERM
Topical term or geographic name entry element Épistémologie sociale
Form subdivision Encyclopédies.
650 1# - SUBJECT ADDED ENTRY--TOPICAL TERM
Topical term or geographic name entry element Sociologie de la connaissance
Form subdivision Encyclopédies.
650 1# - SUBJECT ADDED ENTRY--TOPICAL TERM
Topical term or geographic name entry element Philosophie
General subdivision Aspect social
Form subdivision Encyclopédies.
651 1# - SUBJECT ADDED ENTRY--GEOGRAPHIC NAME
Source of heading or term qrmak
905 ## - Cataloger and Reviser Names
Cataloger Name Asmaa
942 ## - ADDED ENTRY ELEMENTS (KOHA)
Source of classification or shelving scheme Dewey Decimal Classification
Koha item type Books
Edition 21
Suppress in OPAC No
المقتنيات
Withdrawn status Lost status Source of classification or shelving scheme Damaged status Not for loan Home library Current library Date acquired Inventory number Total checkouts Full call number Barcode Date last seen Price effective from Koha item type
    Dewey Decimal Classification   Not for loan المكتبة المركزبة الجديدة - جامعة القاهرة قاعة المكتبات المهداة - الدور الرابع 17.01.2026 206594   121 F968 J.U. 01000110206594000 17.01.2026 17.01.2026 Books
Cairo University Libraries Portal Implemented & Customized by: Eng. M. Mohamady Contacts: new-lib@cl.cu.edu.eg | cnul@cl.cu.edu.eg
CUCL logo CNUL logo
© All rights reserved — Cairo University Libraries
CUCL logo
Implemented & Customized by: Eng. M. Mohamady Contact: new-lib@cl.cu.edu.eg © All rights reserved — New Central Library
CNUL logo
Implemented & Customized by: Eng. M. Mohamady Contact: cnul@cl.cu.edu.eg © All rights reserved — Cairo National University Library